000
00321nam a22001337a 4500
008
171013b xxu||||| |||| 00| 0 eng d
020
_a
0879675349
041
_a
eng
080
_2
3RD
_a
316
100
_a
50
101
_a
SOC
245
_a
CLASHING VIEWS ON CONTROVERSIAL SOCIAL ISSUES
_c
FINSTERBUSCH,K
942
_2
udc
_c
BK
999
_c
33560
_d
33560